[Event "2ème Open International de Haute-Bretag"]
[Site "Rennes"]
[Date "2009.??.??"]
[Round "8.21"]
[White "Palacios Aguilar, Diego Andre"]
[Black "Deceneux, Christophe"]
[Result "1-0"]
[WhiteElo "1894"]
[BlackElo "1499"]
[PlyCount "63"]
[EventDate "2009.08.21"]
[EventType "swiss"]
[EventRounds "9"]
[EventCountry "FRA"]

1. e4 d5 2. exd5 Nf6 3. c4 c6 4. dxc6 Nxc6 5. Nf3 e5 6. d3 Bc5 7. Be2 Qb6 8.
O-O Ng4 9. Qe1 Nb4 10. Na3 Bf5 11. h3 Nxf2 12. Rxf2 Bxf2+ 13. Qxf2 Qxf2+ 14.
Kxf2 Bxd3 15. Bd2 Bxe2 16. Kxe2 Nc6 17. Nb5 O-O 18. Nd6 f5 19. b4 e4 20. Ne1 b6
21. Nc2 Rad8 22. c5 bxc5 23. bxc5 Ne5 24. Nb4 a5 25. Nd5 Nc6 26. Rb1 Rb8 27.
Rb6 Rxb6 28. cxb6 Rd8 29. b7 Nb8 30. Ne7+ Kf8 31. Nec8 a4 32. Be3 1-0

[Event "2ème Open International de Haute-Bretag"]
[Site "Rennes"]
[Date "2009.07.20"]
[Round "8.24"]
[White "Suez Panama, Gilles"]
[Black "Sinnas, Albert"]
[Result "1-0"]
[WhiteElo "2122"]
[BlackElo "1836"]
[PlyCount "31"]
[EventDate "2009.08.21"]
[EventType "swiss"]
[EventRounds "9"]
[EventCountry "FRA"]

1. d4 Nf6 2. Nf3 e6 3. g3 b6 4. Bg2 Bb7 5. c4 c5 6. O-O Be7 7. Nc3 O-O 8. d5 d6
9. dxe6 fxe6 10. Bh3 h6 11. Bxe6+ Kh7 12. Qd3+ g6 13. Nh4 Ne4 14. Nxg6 Kxg6 15.
Nxe4 Kg7 16. Bd2 1-0

[Event "2ème Open International de Haute-Bretag"]
[Site "Rennes"]
[Date "2009.07.20"]
[Round "8.44"]
[White "Pecot, Matthias"]
[Black "Francois, Yann"]
[Result "1-0"]
[WhiteElo "1930"]
[BlackElo "1580"]
[PlyCount "45"]
[EventDate "2009.08.21"]
[EventType "swiss"]
[EventRounds "9"]
[EventCountry "FRA"]

1. e4 c5 2. Nf3 d6 3. d4 cxd4 4. Nxd4 Nf6 5. Nc3 a6 6. Be2 e6 7. O-O Be7 8. f4
Nbd7 9. Bf3 e5 10. Nf5 O-O 11. Qe1 Nc5 12. fxe5 dxe5 13. Nxe7+ Qxe7 14. Bg5 Qe6
15. Qg3 g6 16. Rad1 Nfd7 17. b4 Qc4 18. Nd5 Nxe4 19. Qh4 Nd6 20. Ne7+ Kg7 21.
Qh6+ Kh8 22. Bd5 Nf5 23. Nxf5 1-0

[Event "2ème Open International de Haute-Bretag"]
[Site "Rennes"]
[Date "2009.07.20"]
[Round "8.1"]
[White "Fomichenko, Eduard"]
[Black "Foisor, Cristina Adela B"]
[Result "0-1"]
[WhiteElo "2512"]
[BlackElo "2424"]
[PlyCount "98"]
[EventDate "2009.08.21"]
[EventType "swiss"]
[EventRounds "9"]
[EventCountry "FRA"]

1. Nf3 d5 2. d4 c6 3. c4 Nf6 4. Qc2 g6 5. Bf4 Bg7 6. e3 O-O 7. Nc3 Na6 8. cxd5
Nb4 9. Qd2 Nbxd5 10. Nxd5 Qxd5 11. Qc2 Qa5+ 12. Qd2 Qxd2+ 13. Nxd2 Nd5 14. Bg3
c5 15. Nb3 cxd4 16. exd4 Nb4 17. Rc1 Bf5 18. Rc4 a5 19. Be2 b5 20. Rc5 a4 21.
Na1 Bxd4 22. Rxb5 Nd3+ 23. Kd2 Nxf2 24. Bxf2 Bxf2 25. Bc4 Rfd8+ 26. Ke2 Bd4 27.
Re1 Rac8 28. Rc1 a3 29. b3 Bb2 30. Re1 Bc3 31. Rc1 Bd2 32. Rf1 Bh6 33. Kf3 Rd2
34. Rf2 Rxf2+ 35. Kxf2 Bg7 36. Rxf5 gxf5 37. Nc2 Bb2 38. Nb4 Kg7 39. Ke2 e6 40.
Nd3 Kf6 41. Kd2 Bd4 42. Ne1 f4 43. Kd3 Bf2 44. Nc2 Rg8 45. Nxa3 Rxg2 46. Nb5
Bc5 47. Nc3 Bb4 48. Ne4+ Ke5 49. a4 Rxh2 0-1

[Event "2ème Open International de Haute-Bretag"]
[Site "Rennes"]
[Date "2009.07.20"]
[Round "8.3"]
[White "Jolly, Jean Francois"]
[Black "Bratanov, Zsivko"]
[Result "0-1"]
[WhiteElo "2366"]
[BlackElo "2456"]
[PlyCount "82"]
[EventDate "2009.08.21"]
[EventType "swiss"]
[EventRounds "9"]
[EventCountry "FRA"]

1. d4 Nf6 2. c4 c5 3. d5 d6 4. Nc3 g6 5. e4 Bg7 6. Bd3 O-O 7. h3 e6 8. Nf3 Na6
9. O-O Nc7 10. dxe6 Nxe6 11. Be3 b6 12. Be2 Bb7 13. Qd3 Nh5 14. Rfe1 Nhf4 15.
Qc2 f5 16. Nd5 fxe4 17. Qxe4 Qd7 18. Rad1 Bxb2 19. Qc2 Nxe2+ 20. Rxe2 Bg7 21.
Qe4 Rae8 22. Qg4 Qf7 23. Red2 Ba6 24. Rc1 h6 25. Qg3 Rd8 26. Rd3 Kh7 27. Ra3
Bc8 28. Rd1 b5 29. cxb5 Nd4 30. Nxd4 Qxd5 31. Rxa7 Rd7 32. Ra4 cxd4 33. Rb4 Qc5
34. Bd2 Rdf7 35. Rc1 Qd5 36. Be1 Bb7 37. f3 Rxf3 38. gxf3 Rxf3 39. Qg2 Rf1+ 40.
Qxf1 Qh1+ 41. Kf2 Qh2+ 0-1

[Event "2ème Open International de Haute-Bretag"]
[Site "Rennes"]
[Date "2009.07.20"]
[Round "8.4"]
[White "Okhotnik, Vladimir"]
[Black "Piankov, Evgenij"]
[Result "1-0"]
[WhiteElo "2449"]
[BlackElo "2356"]
[PlyCount "74"]
[EventDate "2009.08.21"]
[EventType "swiss"]
[EventRounds "9"]
[EventCountry "FRA"]

1. e4 g6 2. d4 Bg7 3. Nc3 c6 4. h3 d5 5. Nf3 Nh6 6. g4 f6 7. g5 Nf7 8. gxf6
exf6 9. exd5 O-O 10. dxc6 Re8+ 11. Be3 f5 12. Be2 Nxc6 13. Qd2 a6 14. O-O-O b5
15. Kb1 Na5 16. d5 Bd7 17. d6 Nb7 18. Nd5 Nbxd6 19. Nb6 Rb8 20. Nxd7 Qxd7 21.
h4 Qe7 22. Rhe1 Rbd8 23. Qb4 Qb7 24. Ng5 Qc6 25. Bf3 Ne4 26. Rxd8 Nxd8 27. Bc1
Rf8 28. Qb3+ Kh8 29. Nxe4 fxe4 30. Rxe4 Qd6 31. Qe3 Nf7 32. Re6 Qh2 33. h5 gxh5
34. Re8 h4 35. Qe6 Kg8 36. Rxf8+ Bxf8 37. Qg4+ Bg7 1-0

[Event "2ème Open International de Haute-Bretag"]
[Site "Rennes"]
[Date "2009.07.20"]
[Round "8.5"]
[White "Dobrev, Nanko"]
[Black "Terrieux, Kevin"]
[Result "1-0"]
[WhiteElo "2352"]
[BlackElo "2442"]
[PlyCount "79"]
[EventDate "2009.08.21"]
[EventType "swiss"]
[EventRounds "9"]
[EventCountry "FRA"]

1. d4 Nf6 2. Nf3 e6 3. c4 Bb4+ 4. Bd2 c5 5. Bxb4 cxb4 6. Nbd2 O-O 7. e3 d6 8.
Be2 Nc6 9. O-O a5 10. Qc2 Qe7 11. Rac1 b6 12. d5 Na7 13. dxe6 fxe6 14. Nd4 e5
15. Bf3 Rb8 16. Nf5 Qe6 17. Ng3 Bb7 18. Rfd1 Bxf3 19. Nxf3 Rbd8 20. Ng5 Qd7 21.
N3e4 Qe7 22. Rd2 Nxe4 23. Nxe4 Nc8 24. Rcd1 h6 25. Rd5 Rd7 26. Qd3 Rfd8 27. c5
bxc5 28. Nxc5 Ra7 29. Nb3 a4 30. Na5 Qc7 31. Nc4 Ra8 32. Nxe5 Ne7 33. Rxd6 Rxd6
34. Qxd6 Qxd6 35. Rxd6 Rc8 36. g4 Rc2 37. Nd3 Rd2 38. a3 bxa3 39. bxa3 Ra2 40.
Ne5 1-0

[Event "2ème Open International de Haute-Bretag"]
[Site "Rennes"]
[Date "2009.07.20"]
[Round "8.10"]
[White "Schmouchkovitch, Michel"]
[Black "Le Goff, Damien"]
[Result "0-1"]
[WhiteElo "1996"]
[BlackElo "2270"]
[PlyCount "101"]
[EventDate "2009.08.21"]
[EventType "swiss"]
[EventRounds "9"]
[EventCountry "FRA"]

1. d4 g6 2. Nf3 Bg7 3. c4 c5 4. d5 d6 5. Nc3 Bxc3+ 6. bxc3 f5 7. Qb3 Nf6 8. g3
Qa5 9. Nd2 Nbd7 10. Bg2 Nb6 11. Qb5+ Qxb5 12. cxb5 Nbxd5 13. Bb2 Rb8 14. O-O
Be6 15. c4 Nb6 16. Rac1 Kf7 17. Rfe1 Rhd8 18. e4 fxe4 19. Bxe4 Rd7 20. Bf3 Rc8
21. Bd1 h6 22. a4 Bf5 23. a5 Na8 24. f4 g5 25. fxg5 hxg5 26. Nf3 Rg8 27. Bc2
Bxc2 28. Rxc2 g4 29. Nh4 e5 30. Nf5 Ke6 31. Rf2 Nc7 32. Kg2 Nce8 33. Bc3 Rg5
34. Nh4 Ng7 35. Bd2 Rh5 36. Ng6 Kf7 37. Ref1 Nge8 38. Nh4 Ke6 39. Re2 Rdh7 40.
h3 gxh3+ 41. Kxh3 Rg7 42. a6 bxa6 43. bxa6 Nc7 44. Ra1 Rh8 45. Bc3 Rb8 46. Rb2
Rxb2 47. Bxb2 Rg8 48. Bc3 Rb8 49. Ra3 Rb6 50. Ng2 Rxa6 51. Nf4+ 0-1

[Event "2ème Open International de Haute-Bretag"]
[Site "Rennes"]
[Date "2009.07.20"]
[Round "8.15"]
[White "Allorant, Adrien"]
[Black "Le Bail, Arielle"]
[Result "1-0"]
[WhiteElo "2072"]
[BlackElo "1847"]
[PlyCount "107"]
[EventDate "2009.08.21"]
[EventType "swiss"]
[EventRounds "9"]
[EventCountry "FRA"]

1. d4 Nf6 2. Nf3 e6 3. e3 b6 4. Bd3 Bb7 5. O-O c5 6. c4 Be7 7. Nc3 Nc6 8. a3 d5
9. dxc5 bxc5 10. cxd5 exd5 11. e4 d4 12. Nb1 O-O 13. Nbd2 Rc8 14. Rb1 Qc7 15.
Nc4 Rfd8 16. Bd2 Ba6 17. Qe2 Nd7 18. Rfc1 Nb6 19. e5 Nxc4 20. Bxc4 Bxc4 21.
Rxc4 Na5 22. Bxa5 Qxa5 23. Ne1 Qa6 24. Rbc1 Qe6 25. Nd3 f6 26. Kf1 fxe5 27.
Qxe5 Qxe5 28. Nxe5 d3 29. Rd1 d2 30. Nf3 Bf6 31. Rxd2 Rxd2 32. Nxd2 Bxb2 33.
Ra4 Rc7 34. Ke2 Kf8 35. Kd3 Ke7 36. Kc4 Bd4 37. Ne4 Ke6 38. Ra6+ Ke5 39. f3 Kf4
40. Nd6 Ke3 41. Nb5 Rb7 42. Rxa7 Rxa7 43. Nxa7 Kf2 44. a4 Kxg2 45. Nc6 Kxh2 46.
a5 Kg3 47. a6 h5 48. a7 h4 49. a8=Q h3 50. Nxd4 cxd4 51. Qh8 g5 52. Qh5 h2 53.
Qxg5+ Kxf3 54. Qd5+ 1-0

[Event "2ème Open International de Haute-Bretag"]
[Site "Rennes"]
[Date "2009.07.20"]
[Round "8.16"]
[White "Taube, Gregor"]
[Black "Le Marec, Simon"]
[Result "1-0"]
[WhiteElo "1835"]
[BlackElo "2064"]
[PlyCount "53"]
[EventDate "2009.08.21"]
[EventType "swiss"]
[EventRounds "9"]
[EventCountry "FRA"]

1. e4 e6 2. d4 d5 3. e5 c5 4. c3 Nc6 5. Nf3 Bd7 6. a3 f6 7. Bd3 Qc7 8. O-O fxe5
9. Nxe5 Nxe5 10. Bf4 Nf6 11. Bxe5 Bd6 12. Bxf6 gxf6 13. Qh5+ Ke7 14. Re1 Rag8
15. Qxd5 Rg5 16. Qf3 Bc6 17. Be4 Bxh2+ 18. Kh1 Rhg8 19. d5 Be8 20. Qh3 Qf4 21.
Bf3 Bg3 22. fxg3 Rxg3 23. Qxe6+ Kd8 24. d6 Bd7 25. Qe4 Rxf3 26. Nd2 Qh4+ 27.
Qxh4 1-0

[Event "2ème Open International de Haute-Bretag"]
[Site "Rennes"]
[Date "2009.07.20"]
[Round "8.19"]
[White "Panaget, Bruno"]
[Black "Collier, Timothy"]
[Result "0-1"]
[WhiteElo "1499"]
[BlackElo "1920"]
[PlyCount "80"]
[EventDate "2009.08.21"]
[EventType "swiss"]
[EventRounds "9"]
[EventCountry "FRA"]

1. d3 d5 2. Nf3 Nf6 3. g3 g6 4. Bg2 Bg7 5. O-O O-O 6. Nbd2 c6 7. e4 Bg4 8. h3
Bxf3 9. Qxf3 Nbd7 10. g4 e5 11. Qg3 Re8 12. Nf3 dxe4 13. dxe4 Nxe4 14. Qh2 Nec5
15. Bg5 Qb6 16. Rab1 Ne6 17. Be3 Qc7 18. Nd2 Nb6 19. c4 Rad8 20. b3 f5 21. gxf5
gxf5 22. Kh1 Nd7 23. f4 e4 24. Rg1 Nf6 25. Rbf1 Kh8 26. Rf2 c5 27. Bf1 Rg8 28.
Be2 Bh6 29. Rxg8+ Rxg8 30. Nf1 Qg7 31. Bc1 Nd4 32. Bd1 Qg6 33. Bb2 Nh5 34. Bxh5
Qxh5 35. Ne3 Qf7 36. h4 Bg7 37. Rg2 Nf3 38. Rxg7 Rxg7 39. Qg3 Nd4 40. Qh3 Qh5
0-1

[Event "2ème Open International de Haute-Bretag"]
[Site "Rennes"]
[Date "2009.07.21"]
[Round "8.2"]
[White "Sriram, Jha"]
[Black "Song, Julien"]
[Result "1/2-1/2"]
[WhiteElo "2459"]
[BlackElo "2319"]
[PlyCount "166"]
[EventDate "2009.08.21"]
[EventType "swiss"]
[EventRounds "9"]
[EventCountry "FRA"]

1. c4 e6 2. Nc3 d5 3. d4 Nf6 4. cxd5 exd5 5. Bg5 c6 6. e3 Be7 7. Bd3 Nbd7 8.
Qc2 O-O 9. Nge2 Re8 10. O-O Nf8 11. f3 Be6 12. Rad1 Rc8 13. Kh1 Ng6 14. a3 a6
15. Na4 Nd7 16. Bxe7 Qxe7 17. b4 Rcd8 18. Ng3 Qh4 19. Qf2 Qh6 20. Rde1 Nh4 21.
Nc5 Nxc5 22. bxc5 f5 23. Ne2 Ng6 24. Nc1 Rf8 25. Bc2 Bc8 26. g3 Kh8 27. Nd3 Rf6
28. Re2 Rdf8 29. Rb1 Ne7 30. f4 Qh5 31. a4 h6 32. Bd1 Qe8 33. Reb2 g5 34. Ne5
g4 35. Kg1 h5 36. Kf1 Re6 37. Ke2 Ng8 38. Bc2 Re7 39. h3 Rh7 40. hxg4 hxg4 41.
Qg2 Rf6 42. Rh1 Rfh6 43. Rxh6 Rxh6 44. Rb1 Qh5 45. Kd2 Kg7 46. Rg1 Qh2 47. Nd3
Nf6 48. Nf2 Kf7 49. a5 Kg7 50. Ke2 Rh8 51. Qxh2 Rxh2 52. Kf1 Nh5 53. Rg2 Rxg2
54. Kxg2 Nf6 55. Nd3 Ne4 56. Ne5 Nf6 57. Kf2 Be6 58. Ke1 Bc8 59. Bd3 Be6 60.
Nxc6 bxc6 61. Bxa6 Ne8 62. Bb7 Nc7 63. a6 Nb5 64. Bxc6 Na7 65. Bb7 Kf6 66. Kd2
Ke7 67. e4 fxe4 68. f5 Bf7 69. Ke3 Kf6 70. Kf4 e3 71. Kxe3 Kxf5 72. c6 Ke6 73.
Kf4 Kd6 74. Kxg4 Nxc6 75. Kf5 Kc7 76. Bxc6 Kxc6 77. g4 Kb6 78. Kf6 Bg8 79. g5
Kxa6 80. Kg7 Be6 81. Kf6 Bg8 82. Kg7 Be6 83. Kf6 Bg8 1/2-1/2

[Event "2ème Open International de Haute-Bretag"]
[Site "Rennes"]
[Date "2009.07.21"]
[Round "8.20"]
[White "Chevalier, Nathalie"]
[Black "Quellec, Yannick"]
[Result "0-1"]
[WhiteElo "1470"]
[BlackElo "1900"]
[PlyCount "114"]
[EventDate "2009.08.21"]
[EventType "swiss"]
[EventRounds "9"]
[EventCountry "FRA"]

1. d4 Nf6 2. Bf4 g6 3. e3 Bg7 4. Bd3 d6 5. Nf3 c6 6. c3 Bg4 7. Nbd2 e5 8. Bg5
Nbd7 9. h3 Bxf3 10. Qxf3 d5 11. Bc2 e4 12. Qe2 Qb6 13. b4 Nh5 14. O-O Qc7 15.
Bh4 f5 16. Qe1 O-O 17. Bd1 Nhf6 18. f3 exf3 19. Nxf3 Ne4 20. Ng5 Nxg5 21. Bxg5
Nf6 22. Bf4 Qd7 23. Be5 Ne8 24. Qg3 Bxe5 25. Qxe5 Nd6 26. Be2 Rae8 27. Qg3 Kh8
28. Rae1 Re6 29. Bd3 Rfe8 30. Rf3 Qe7 31. h4 Nf7 32. Qf4 Qd6 33. Kf2 Qxf4 34.
Rxf4 Nh6 35. Rf3 Ng4+ 36. Kg3 Rxe3 37. Ref1 Nf6 38. Kf4 Rxf3+ 39. Kxf3 Kg7 40.
Kf4 Ne4 41. Re1 Kf7 42. c4 Nf2 43. Rxe8 Nxd3+ 44. Kg5 Kxe8 45. cxd5 cxd5 46. a4
Nxb4 47. Kh6 Kf7 48. Kxh7 Nc6 49. Kh6 Nxd4 50. h5 gxh5 51. Kxh5 Kf6 52. Kh4 Ke5
53. Kg3 Ke4 54. Kf2 Kd3 55. g3 Kc2 56. Ke3 Ne6 57. Kf3 d4 0-1

[Event "2ème Open International de Haute-Bretag"]
[Site "Rennes"]
[Date "2009.??.??"]
[Round "8.22"]
[White "Purenne, Benoit"]
[Black "Legras, Sebastien"]
[Result "1/2-1/2"]
[WhiteElo "1885"]
[BlackElo "1700"]
[PlyCount "60"]
[EventDate "2009.08.21"]
[EventType "swiss"]
[EventRounds "9"]
[EventCountry "FRA"]

1. e4 c5 2. Nc3 d6 3. Nge2 Nf6 4. d3 Nc6 5. h3 a6 6. g3 b5 7. Bg5 e6 8. Qd2 b4
9. Nd1 Be7 10. Bg2 Bb7 11. c3 a5 12. Ne3 Qc7 13. Bxf6 Bxf6 14. f4 Be7 15. O-O
O-O 16. g4 Nd8 17. Rac1 Qb6 18. c4 Nc6 19. g5 Nd4 20. Nxd4 cxd4 21. Ng4 Qd8 22.
h4 Rb8 23. Qf2 Bc8 24. e5 dxe5 25. Nxe5 Bb7 26. Bxb7 Rxb7 27. c5 Rc7 28. c6 Qd5
29. Rc4 Bd6 30. Rxd4 Bc5 1/2-1/2

[Event "2ème Open International de Haute-Bretag"]
[Site "Rennes"]
[Date "2009.??.??"]
[Round "8.23"]
[White "Dubessay, Bastien"]
[Black "Djendeb, Mohand"]
[Result "1-0"]
[WhiteElo "2168"]
[BlackElo "1845"]
[PlyCount "81"]
[EventDate "2009.08.21"]
[EventType "swiss"]
[EventRounds "9"]
[EventCountry "FRA"]

1. d4 d5 2. c4 c6 3. Nf3 Nf6 4. Nc3 e6 5. e3 Nbd7 6. Bd3 Bd6 7. O-O O-O 8. b3
h6 9. Bb2 e5 10. cxd5 cxd5 11. dxe5 Nxe5 12. Be2 Nxf3+ 13. Bxf3 Be5 14. Qe2 Be6
15. Rfd1 Qa5 16. Qd2 Rfd8 17. a3 d4 18. Ne2 Qxd2 19. Rxd2 Bxb3 20. Bxb7 Rab8
21. Bf3 Ba4 22. Bxd4 Bxd4 23. Nxd4 Nh7 24. h4 Nf8 25. Bd1 Bxd1 26. Raxd1 Ng6
27. Nf3 Rxd2 28. Rxd2 Rb3 29. Rd8+ Kh7 30. h5 Nh8 31. a4 Ra3 32. Rd4 f6 33. Nh4
Nf7 34. Nf5 Ng5 35. Rd7 Rxa4 36. Rxg7+ Kh8 37. Rg6 Ra1+ 38. Kh2 Ne4 39. f3 Nf2
40. Rxh6+ Kg8 41. Rxf6 1-0

[Event "2ème Open International de Haute-Bretag"]
[Site "Rennes"]
[Date "2009.??.??"]
[Round "8.25"]
[White "Sanvoisin, Corentin"]
[Black "Caroff, Frederic"]
[Result "0-1"]
[WhiteElo "1855"]
[BlackElo "2119"]
[PlyCount "120"]
[EventDate "2009.08.21"]
[EventType "swiss"]
[EventRounds "9"]
[EventCountry "FRA"]

1. e4 c5 2. c3 Nf6 3. e5 Nd5 4. d4 cxd4 5. Nf3 Nc6 6. cxd4 d6 7. Bc4 Nb6 8. Bb5
Bd7 9. exd6 e6 10. Bf4 Nd5 11. Bd2 Bxd6 12. O-O Qb6 13. Qb3 a6 14. Ba4 Qxb3 15.
Bxb3 Nf4 16. Nc3 O-O-O 17. d5 Nxd5 18. Nxd5 exd5 19. Bxd5 Bg4 20. Bc3 f6 21. h3
Bf5 22. Rfd1 Ne7 23. Bb3 Nc6 24. Nd4 Nxd4 25. Bxd4 Bf4 26. Bb6 Rxd1+ 27. Rxd1
Be5 28. Rd5 Bd7 29. Rc5+ Kb8 30. Rc2 Bf5 31. Rd2 Rc8 32. g4 Be4 33. Kf1 Bf3 34.
Ke1 Rc1+ 35. Bd1 Rxd1+ 36. Rxd1 Bxd1 37. Kxd1 Bxb2 38. Kc2 Be5 39. Kd3 Kc8 40.
Ke4 Kd7 41. Kd5 Bc3 42. a4 g6 43. f4 f5 44. gxf5 gxf5 45. h4 h5 46. Bc5 b5 47.
axb5 axb5 48. Bf8 b4 49. Kc4 Ke6 50. Bh6 Be1 51. Bg5 Bg3 52. Kxb4 Kd5 53. Kc3
Ke4 54. Kd2 Kf3 55. Kd3 Bxf4 56. Kd4 Bg3 57. Kd5 Kg4 58. Kd4 Bxh4 59. Bd2 Bf2+
60. Ke5 h4 0-1

[Event "2ème Open International de Haute-Bretag"]
[Site "Rennes"]
[Date "2009.??.??"]
[Round "8.26"]
[White "Jouneau, Quentin"]
[Black "Assedo, Johaquim"]
[Result "1/2-1/2"]
[WhiteElo "2007"]
[BlackElo "1823"]
[PlyCount "102"]
[EventDate "2009.08.21"]
[EventType "swiss"]
[EventRounds "9"]
[EventCountry "FRA"]

1. e4 c5 2. Nf3 Nc6 3. d4 cxd4 4. Nxd4 g6 5. Be3 Bg7 6. Nc3 Nf6 7. Be2 d6 8.
O-O O-O 9. h3 Bd7 10. Qd2 Rc8 11. f4 a6 12. Nb3 Ne8 13. Nd5 Rb8 14. Bb6 Qc8 15.
Nd4 Kh8 16. f5 Nf6 17. Nxf6 Bxf6 18. c3 Ne5 19. b3 Bc6 20. Nxc6 Qxc6 21. Bd4
Qxe4 22. Rae1 Qc6 23. Bd3 Qe8 24. g4 Rg8 25. fxg6 fxg6 26. Re3 Bg5 27. Rxe5
dxe5 28. Bxe5+ Bf6 29. Bxb8 Qxb8 30. Rf3 Qe5 31. Bc4 Rc8 32. Qd7 Qc5+ 33. Kg2
b5 34. Be6 Rf8 35. h4 Qe5 36. Qc6 Rd8 37. Kh3 Qe1 38. g5 h6 39. gxf6 Qh1+ 40.
Kg3 Qg1+ 41. Kf4 exf6 42. Bd5 Qh2+ 43. Rg3 Qf2+ 44. Rf3 Qh2+ 45. Rg3 Qf2+ 46.
Rf3 Qxh4+ 47. Ke3 Qe1+ 48. Kd4 Qe5+ 49. Kc5 Qe7+ 50. Kd4 Qe5+ 51. Kc5 Qe7+
1/2-1/2

[Event "2ème Open International de Haute-Bretag"]
[Site "Rennes"]
[Date "2009.??.??"]
[Round "8.27"]
[White "Ruhlmann, Helene"]
[Black "Le Meur, Jean Pierre"]
[Result "1-0"]
[WhiteElo "1720"]
[BlackElo "1942"]
[PlyCount "85"]
[EventDate "2009.08.21"]
[EventType "swiss"]
[EventRounds "9"]
[EventCountry "FRA"]

1. e4 c5 2. Nf3 Nc6 3. d4 cxd4 4. Nxd4 a6 5. Be2 Qc7 6. Nc3 e6 7. O-O Nge7 8.
Be3 Ng6 9. Qd2 b5 10. f4 Bb7 11. a3 Rc8 12. f5 Nge5 13. f6 g6 14. Rad1 h5 15.
Kh1 Ng4 16. Bf4 Bh6 17. Nxc6 Bxc6 18. Bxg4 Bxf4 19. Qxf4 hxg4 20. Qxc7 Rxc7 21.
Rf4 g3 22. h3 a5 23. Re1 Kd8 24. Kg1 Rh5 25. e5 Rb7 26. Re3 b4 27. axb4 Rxb4
28. Rxb4 axb4 29. Ne2 Rh4 30. Nxg3 Rc4 31. c3 Kc7 32. Ne2 bxc3 33. Nxc3 Kb6 34.
Kf2 Rb4 35. Re2 Kc5 36. Ke3 Kc4 37. Kf4 Kd3+ 38. Kg5 d5 39. exd6 Rd4 40. Rxe6
Bd7 41. Re7 Rxd6 42. Rxf7 Bc6 43. Re7 1-0

[Event "2ème Open International de Haute-Bretag"]
[Site "Rennes"]
[Date "2009.??.??"]
[Round "8.28"]
[White "Castel, Efflam"]
[Black "Loizil, Joel"]
[Result "1-0"]
[WhiteElo "1927"]
[BlackElo "1814"]
[PlyCount "61"]
[EventDate "2009.08.21"]
[EventType "swiss"]
[EventRounds "9"]
[EventCountry "FRA"]

1. e4 e6 2. d4 d5 3. Nc3 c5 4. exd5 exd5 5. dxc5 Be6 6. Be3 Nc6 7. Nf3 Nf6 8.
Bb5 Qc7 9. O-O Be7 10. b4 O-O 11. Bxc6 bxc6 12. Ne2 Ne4 13. Nfd4 Bd7 14. f3 Ng5
15. Qd2 Ne6 16. Nxe6 fxe6 17. Bg5 Bf6 18. Bxf6 gxf6 19. f4 e5 20. fxe5 fxe5 21.
Rxf8+ Rxf8 22. Rf1 Rxf1+ 23. Kxf1 Be8 24. Qg5+ Bg6 25. c3 Kg7 26. Ng3 Kf8 27.
Qf6+ Qf7 28. Qxf7+ Kxf7 29. Kf2 Bc2 30. Ke3 Kg6 31. b5 1-0

[Event "2ème Open International de Haute-Bretag"]
[Site "Rennes"]
[Date "2009.??.??"]
[Round "8.29"]
[White "Blanchard, Simon"]
[Black "Rachid, Danial"]
[Result "0-1"]
[WhiteElo "1710"]
[BlackElo "1910"]
[PlyCount "78"]
[EventDate "2009.08.21"]
[EventType "swiss"]
[EventRounds "9"]
[EventCountry "FRA"]

1. d4 Nf6 2. c4 c5 3. d5 b5 4. b3 bxc4 5. bxc4 g6 6. Bb2 Bg7 7. Nf3 O-O 8. e3
d6 9. Be2 Nbd7 10. O-O Rb8 11. Qc2 Rxb2 12. Qxb2 Nxd5 13. Qd2 Nxe3 14. Qxe3
Bxa1 15. Nc3 Bxc3 16. Qxc3 Nf6 17. Rb1 Qc7 18. Bd3 Bb7 19. Be2 Rb8 20. Rb2 Bxf3
21. Bxf3 Rxb2 22. Qxb2 Qb6 23. Qb5 Kf8 24. Bc6 e6 25. a4 Ke7 26. a5 Qxb5 27.
cxb5 Nd7 28. Kf1 Nb8 29. Bb7 Kd8 30. Ke2 Kc7 31. Ba8 Nd7 32. f4 d5 33. Kd3 Nf6
34. h3 Ne4 35. Bc6 Nd6 36. a6 Kb6 37. Bd7 Nxb5 38. Be8 Nd6 39. Ba4 Kxa6 0-1

[Event "2ème Open International de Haute-Bretag"]
[Site "Rennes"]
[Date "2009.??.??"]
[Round "8.30"]
[White "Vandomel, Fabrice"]
[Black "Josse, Mathilde"]
[Result "0-1"]
[WhiteElo "1895"]
[BlackElo "1688"]
[PlyCount "132"]
[EventDate "2009.08.21"]
[EventType "swiss"]
[EventRounds "9"]
[EventCountry "FRA"]

1. b3 e5 2. Bb2 Nc6 3. Nf3 e4 4. Nd4 Nxd4 5. Bxd4 d5 6. e3 c5 7. Bb2 Nf6 8. d4
Be7 9. c4 Bg4 10. Qd2 O-O 11. cxd5 Nxd5 12. a3 Bf6 13. Be2 Bxe2 14. Kxe2 Rc8
15. dxc5 Bxb2 16. Qxb2 Qg5 17. Nd2 Qg4+ 18. Kf1 Rxc5 19. h3 Qf5 20. g4 Qe6 21.
Qd4 Rfc8 22. Qxe4 Qa6+ 23. Kg2 Nf6 24. Qf3 Rc2 25. Ne4 Nd7 26. g5 Ne5 27. Qh5
Qc6 28. Qh4 Nd3 29. Rhf1 Nc5 30. Kf3 Nxb3 31. Rad1 Nd2+ 32. Rxd2 Rxd2 33. Kg3
Qc7+ 34. f4 Rd3 35. Kf3 Qb6 36. Re1 Re8 37. Qg4 Rxe4 38. Kxe4 Qd8 39. Qf5 Rxa3
40. Kf3 g6 41. Qc2 Qd5+ 42. Kg3 Qe6 43. Qd2 b5 44. Qd8+ Kg7 45. Qd4+ Kf8 46.
Qd8+ Qe8 47. Qd6+ Qe7 48. Qd4 Kg8 49. Kf3 a5 50. Rc1 Qe8 51. Rc5 Ra4 52. Qd3
Qe6 53. Kg3 Re4 54. Kf3 Rc4 55. Qd8+ Kg7 56. Qf6+ Qxf6 57. gxf6+ Kxf6 58. Rxb5
a4 59. Ra5 h6 60. h4 h5 61. Ke2 Ke6 62. Kd3 Rb4 63. Kc3 Rb3+ 64. Kc2 Rxe3 65.
Rxa4 Kf5 66. Kd2 Re4 0-1

[Event "2ème Open International de Haute-Bretag"]
[Site "Rennes"]
[Date "2009.??.??"]
[Round "8.31"]
[White "Grego, Pierre"]
[Black "Le Marec, Laura"]
[Result "1/2-1/2"]
[WhiteElo "1870"]
[BlackElo "1550"]
[PlyCount "92"]
[EventDate "2009.08.21"]
[EventType "swiss"]
[EventRounds "9"]
[EventCountry "FRA"]

1. e4 e5 2. Nf3 d6 3. d4 exd4 4. Qxd4 Nc6 5. Bb5 Bd7 6. Bxc6 Bxc6 7. Nc3 Nf6 8.
Bg5 Be7 9. O-O-O Qd7 10. h3 h6 11. Bf4 Qe6 12. Rhe1 Nh5 13. Bh2 O-O 14. Nd5
Bxd5 15. exd5 Qd7 16. Qd3 Rfe8 17. Nd4 Bg5+ 18. Kb1 Rxe1 19. Rxe1 Re8 20. Qd1
Nf4 21. Rxe8+ Qxe8 22. h4 Bxh4 23. Bxf4 Bxf2 24. Qe2 Qxe2 25. Nxe2 g5 26. Bh2
f5 27. Bg1 Bxg1 28. Nxg1 Kf7 29. Kc1 Kf6 30. Kd2 Ke5 31. c4 g4 32. Kd3 h5 33.
Ne2 h4 34. Ke3 a6 35. Nf4 Kf6 36. b4 c6 37. dxc6 bxc6 38. a4 Kf7 39. b5 cxb5
40. cxb5 axb5 41. axb5 Ke8 42. Kd4 Kd7 43. Kd5 Kc7 44. Ke6 Kb6 45. Kxf5 h3 46.
gxh3 gxh3 1/2-1/2

[Event "2ème Open International de Haute-Bretag"]
[Site "Rennes"]
[Date "2009.??.??"]
[Round "8.32"]
[White "Madeline, Paul"]
[Black "Heyman, Jacques"]
[Result "0-1"]
[WhiteElo "1579"]
[BlackElo "1855"]
[PlyCount "128"]
[EventDate "2009.08.21"]
[EventType "swiss"]
[EventRounds "9"]
[EventCountry "FRA"]

1. e4 c6 2. d4 d5 3. Nc3 dxe4 4. Nxe4 Nf6 5. Nxf6+ gxf6 6. Bc4 Bf5 7. Bf4 e6 8.
Nf3 Bd6 9. Bh6 Bf8 10. Bf4 Nd7 11. Nh4 Bg6 12. O-O Nb6 13. Bb3 Bd6 14. Bh6 Rg8
15. Qg4 Qd7 16. Rfe1 O-O-O 17. Rxe6 Nd5 18. Re4 f5 19. Nxf5 Bxf5 20. Qh4 Bxe4
21. Qxe4 Qg4 22. Bxd5 cxd5 23. Qxg4+ Rxg4 24. Be3 Rdg8 25. g3 Re4 26. Rc1 b5
27. b3 Kd7 28. c4 bxc4 29. bxc4 dxc4 30. Rxc4 f5 31. Ra4 Bb8 32. Kf1 Rg7 33.
Ra5 Kc8 34. d5 f4 35. gxf4 Rf7 36. Kg2 Bxf4 37. Bxa7 Bd2 38. Rc5+ Kb7 39. Rc2
Kxa7 40. Rxd2 Rg4+ 41. Kh3 Rg6 42. d6 Rd7 43. f4 Kb6 44. f5 Rf6 45. Kg4 h6 46.
h4 Kb5 47. Kf4 Kc6 48. Ke5 Rf8 49. f6 Re8+ 50. Kf5 Re1 51. Rc2+ Kxd6 52. Kg6
Rg1+ 53. Kxh6 Ke6 54. Rf2 Kf7 55. h5 Rd5 56. Rb2 Kxf6 57. Rb6+ Ke7 58. Rb7+ Rd7
59. Rxd7+ Kxd7 60. a4 Ke6 61. a5 Kf6 62. Kh7 Rg5 63. h6 Rxa5 64. Kg8 Kg6 0-1